Czy rozpoznasz państwo po starej fladze? - Statystyki

Ogólne statystyki
  • Ten quiz został rozwiązany 360 razy
  • Średni wynik to 11 z 25
Statystyki odpowiedzi
Obrazkowy Odpowiedź % Poprawnych
Polska
95%
Albania
76%
Arabia Saudyjska
74%
Słowacja
74%
Dania
73%
Litwa
70%
Chiny
67%
Grecja
64%
Stany Zjednoczone
61%
Bośnia
53%
Iran
52%
Mongolia
44%
Szwajcaria
42%
Rosja
41%
Białoruś
39%
Kanada
39%
Wielka Brytania
39%
Indie
19%
Egipt
14%
Brazylia
13%
Czechy
13%
Grenlandia
9%
Kongo
7%
Niemcy
7%
Francja
4%
Nie znaleziono quizów pasujących do podanych kryteriów
Rozkład punktacji
Procent ludzi z każdym wynikiem
Percentyl według liczby udzielonych odpowiedzi
Twoja historia wyników
Nie rozwiązałeś tego quizu